| 000 | 00745nam a2200253 a 4500 | ||
|---|---|---|---|
| 001 | nice12345678 | ||
| 003 | IN_TiNIC | ||
| 005 | 20260116011254.0 | ||
| 008 | 050720s1903 edia grd 000 0 eng | ||
| 020 |
_a _c100 |
||
| 082 | 0 | 0 |
_a220.3 _bHAS2 |
| 100 | _aHastings, James | ||
| 245 | _aDictionary of the Bible | ||
| 260 |
_aEdinburgh _bT & t Clark _c1903 |
||
| 300 | _a864p | ||
| 500 | _aincludes index and biblioraphy | ||
| 505 | 2 | _aAbbreviations | |
| 505 | 2 |
_aAbbreviations00 _gV1. _tEnter Volume Title.-- _gV2. _tDictionary of the Bible.-- _gV3. _tDictionary of the Bible.-- _gV4. _tDictionary of the Bible.-- _gV5. _tDiction |
|
| 650 | _aDictionary-Bible | ||
| 700 | 1 | _aHastings, James | |
| 902 | _bRHR | ||
| 942 | _cBK | ||
| 999 |
_c65 _d65 |
||